Engineering principles of plasticating extrusion /
Guardado en:
| Autor Principal: | |
|---|---|
| Otros Autores: | |
| Formato: | Libro |
| Idioma: | English |
| Publicado: |
New York :
Van Nostrand Reinhold Co.,
c1970.
|
| Series: | Polymer science and engineering series
|
| Materias: | |
| Etiquetas: |
Agregar Etiqueta
Sin Etiquetas, Sea el primero en etiquetar este registro!
|
| LEADER | 00763cam a22002175a 4500 | ||
|---|---|---|---|
| 001 | EIQ.libpla002433 | ||
| 008 | 700602s1970####nyua#####b####001#0#eng#d | ||
| 005 | 20070612190001.0 | ||
| 245 | 1 | 0 | |a Engineering principles of plasticating extrusion / |c [by] Zehev Tadmor and Imrich Klein. |
| 260 | |a New York : |b Van Nostrand Reinhold Co., |c c1970. | ||
| 300 | |a xi, 500 p. : |b il. ; |c 24 cm. | ||
| 440 | 0 | |a Polymer science and engineering series | |
| 504 | |a Incluye referencias bibliográficas e índice. | ||
| 100 | 1 | |a Tadmor, Zehev, |d 1937- | |
| 700 | 1 | |a Klein, Imrich. | |
| 082 | 0 | 0 | |a 668/.413 |
| 650 | 4 | |a Plásticos |x Extrusión. | |
| 650 | 0 | |a Plastics |x Extrusion. | |
| 010 | |a 73108652 | ||
| 040 | |a DLC |c DLC |d AR-BbSID | ||
| 859 | |a AR-BbSID |b BIB. PLAPIQUI |h 668.413 |i T 122 |p 1205 | ||
